Afrikanische Länder mit den meisten Christen - Statistiken

Allgemein
  • Dieses Quiz wurde 41 mal gespielt
  • Das Durchschnittsergebnis liegt bei 8 aus 10
Antwortstatistiken
# Land % % Korrekt
104 mio. Nigeria 45,9
100%
52 mio. Südafrika 85,3
100%
96 mio. Demokratische Republik Kongo 92
89%
48 mio. Kenia 85,5
83%
97 mio. Äthiopien 75
77%
25 mio. Ghana 71,3
74%
42 mio. Tansania 84,5
74%
28 mio. Angola 75
71%
42 mio. Uganda 61,4
49%
26 mio. Madagaskar 85
37%
Keine übereinstimmenden Quizze gefunden
Verteilung der Resultate
Anzahl Personen mit jedem Resultat
Perzentil nach korrekt beantworteten Fragen
Ihre Resultats-Entwicklung
Sie haben dieses Quiz noch nicht gespielt